000 01066cam a2200253 i 4500
003 SA-RiAUC
005 20251230102141.0
008 251119s1998 jo g 000r0 ara c
040 _aSA-RiAUC
_bara
_cSA-RiAUC
_erda
082 0 4 _a213
090 _a213
_bا ل و
100 1 _aآل الواعظ، عبد الله بن أبي بكر الملا.
_eمؤلف.
245 1 2 _aالنصيحة العامة للخاصة من الناس والعامة /
_cتأليف عبد الله بن أبي بكر الملا آل الواعظ ؛ تحقيق يحيى محمد أبي بكر الملا.
250 _aالطبعة الأولى.
264 1 _aعمان، الأردن :
_bدار عمار،
_c1998
300 _a34 صفحة ؛
_c20سم
336 _aنص
_btxt
_2rdacontent
_3كتاب
337 _aبدون وسيط
_bn
_2rdamedia
338 _aمجلد
_bnc
_2rdacarrier
650 7 _aالدعوة الإسلامية
_2aucsh
700 1 _aالملا، يحيى محمد أبو بكر
_eمحقق.
942 _2ddc
_cBOOK
_n0
949 _aSA-JeALM
_d251119
_umohamedma123
_n1
999 _c13858
_d13858